Umění českého baroku / : soubor vystavený roku 1969 v Londýně a v Birminghamu : [Národní galerie v Praze, Valdštejnská jízdárna, 10. února - 12. dubna 1971 : katalog] /
Uložené v:
| Ďalší autori: | , , |
|---|---|
| Médium: | Kniha |
| Jazyk: | Czech |
| Vydané: |
Praha :
Národní galerie,
1970.
|
| Vydanie: | 1 vyd. |
| ISBN: |
(brož.) |
| Fyzický popis: |
[80] s. : iul, portréty. |
| Tagy: |
Pridať tag
Žiadne tagy, Buďte prvý kto otaguje tento záznam!
|
Titul je dostupný aj v ... 

MARC
| LEADER | 00000nam a2200000 a 4500 | ||
|---|---|---|---|
| 001 | 000168708 | ||
| 005 | 20160223094751.0 | ||
| 008 | 040101s1970 xr e cze d | ||
| 020 | |a (brož.) |c Kčs 20,00 | ||
| 040 | |a SVKKK |b slo |c SVKKK |e AACR2 | ||
| 041 | 0 | |a cze | |
| 044 | |a xr |c CZ | ||
| 245 | 0 | 0 | |a Umění českého baroku / : |b soubor vystavený roku 1969 v Londýně a v Birminghamu : [Národní galerie v Praze, Valdštejnská jízdárna, 10. února - 12. dubna 1971 : katalog] / |c [zpracovali a úvodní statě napsali Oldřich Blažíček, Dagmar Hejdová a Pavel Preiss]. |
| 250 | |a 1 vyd. | ||
| 260 | |a Praha : |b Národní galerie, |c 1970. | ||
| 300 | |a [80] s. : |b iul, portréty. | ||
| 700 | 1 | |a Blažíček, Oldřich J. |d 1914-1985 |q (Oldřich Jakub) |4 edt | |
| 700 | 1 | |a Hejdová, Dagmar, |d 1920-2009 |4 edt | |
| 700 | 1 | |a Preiss, Pavel, |d 1926- |4 edt | |
| 910 | |a svkkk | ||
| 998 | |a BK | ||
| 090 | |g SCKHL |k Sklad Pribinova 1. posch. |a IV.65788 |j 429763 |i 168708-10 |s Absenčne | ||